[Event "XXI Festival Isola d'Elba A"]
[Site "Capoliveri ITA"]
[Date "2003.05.10"]
[Round "1"]
[White "Faraci, Antonino"]
[Black "Ridolfi, Raffaele"]
[Result "1-0"]
[WhiteElo "2084"]
[BlackElo "1705"]
[PlyCount "65"]
[EventDate "2003.05.10"]

1. e4 c6 2. d4 d5 3. Nc3 dxe4 4. Nxe4 Nd7 5. Nf3 Ngf6 6. Neg5 e6 7. Nxf7 Kxf7
8. Ng5+ Ke7 9. Bd3 Nb6 10. O-O g6 11. Re1 Bg7 12. b3 Qxd4 13. Ba3+ c5 14. Qe2
Qd5 15. Nh3 Kf7 16. Rad1 Qc6 17. Ng5+ Kf8 18. Bb5 Qc7 19. Qxe6 Qxh2+ 20. Kxh2
Bxe6 21. Nxe6+ Kf7 22. Nxg7 Kxg7 23. Re7+ Kh6 24. Rxb7 Ne4 25. Bc1+ g5 26. f3
Nf6 27. Rd6 Rhf8 28. Bb2 Nbd5 29. c4 Rad8 30. Rxd8 Rxd8 31. cxd5 Nxd5 32. Bd3
Nf6 33. Bf5 1-0

[Event "XXI Festival Isola d'Elba A"]
[Site "Capoliveri ITA"]
[Date "2003.05.13"]
[Round "5"]
[White "Faraci, Antonino"]
[Black "Ljubisavljevic, Zivojin Z."]
[Result "0-1"]
[WhiteElo "2084"]
[BlackElo "2299"]
[PlyCount "68"]
[EventDate "2003.05.10"]

1. e4 e6 2. d4 d5 3. exd5 exd5 4. Bd3 Bd6 5. Nf3 Ne7 6. O-O Bf5 7. Bxf5 Nxf5 8.
Qd3 Qd7 9. Re1+ Ne7 10. Ne5 Bxe5 11. dxe5 c5 12. Qe2 Nbc6 13. f4 Nd4 14. Qf2 g6
15. b4 b6 16. bxc5 bxc5 17. Bb2 Ne6 18. Nd2 h5 19. c4 d4 20. Ne4 Kf8 21. a4 Nf5
22. Ra3 Rb8 23. Bc1 Kg7 24. Qc2 Qb7 25. Qe2 Qb4 26. Nd6 Ne3 27. Rxe3 dxe3 28.
Qxe3 Nd4 29. Rf1 Qb3 30. Qe4 Qc2 31. Qd5 Rhf8 32. Be3 Ne2+ 33. Kh1 Rb1 34. Qf3
Qd1 0-1

[Event "XXI Festival Isola d'Elba A"]
[Site "Capoliveri ITA"]
[Date "2003.05.14"]
[Round "6"]
[White "Aleksic, Nenad"]
[Black "Barlocco, Carlo"]
[Result "1-0"]
[WhiteElo "2399"]
[BlackElo "2137"]
[PlyCount "105"]
[EventDate "2003.05.10"]

1. e4 c5 2. Nf3 e6 3. Nc3 a6 4. d4 cxd4 5. Nxd4 Qc7 6. g3 Nf6 7. Bg2 Nc6 8. O-O
Be7 9. Re1 Nxd4 10. e5 Nc6 11. exf6 gxf6 12. Qg4 Ne5 13. Qg7 Ng6 14. Be4 Bf8
15. Qxf6 Qe5 16. Bg5 Be7 17. Qxe5 Nxe5 18. Bxe7 Kxe7 19. Bxb7 Bxb7 20. Rxe5
Rab8 21. Rc1 Rhc8 22. Ne2 f6 23. Re3 d5 24. f4 Kd6 25. c3 Bc6 26. b3 Bb5 27.
Nd4 Bd7 28. Rce1 Re8 29. Nf3 Rbc8 30. Rd1 Rc5 31. c4 e5 32. fxe5+ fxe5 33. cxd5
Rxd5 34. Rxd5+ Kxd5 35. Rd3+ Kc6 36. Kf2 Bf5 37. Rd2 Kc5 38. Ke3 Kb4 39. Rd6
Re6 40. Rxe6 Bxe6 41. Nxe5 Ka3 42. Kd4 Kxa2 43. b4 Kb3 44. Kc5 Kc3 45. g4 Ba2
46. g5 Kd2 47. Kd4 Ke2 48. h4 Kf2 49. h5 Kg3 50. g6 hxg6 51. h6 Bg8 52. Nxg6
Kg4 53. Nf8 1-0

[Event "XXI Festival Isola d'Elba A"]
[Site "Capoliveri ITA"]
[Date "2003.05.14"]
[Round "6"]
[White "Caponi, Saverio"]
[Black "Sautto, Alessandra"]
[Result "0-1"]
[WhiteElo "1824"]
[BlackElo "1993"]
[PlyCount "62"]
[EventDate "2003.05.10"]

1. e4 e6 2. d3 d5 3. Nd2 c5 4. Ngf3 Nf6 5. g3 Nc6 6. Bg2 Be7 7. O-O O-O 8. Re1
d4 9. e5 Nd5 10. a4 Rb8 11. Nc4 Na5 12. Nfd2 Nxc4 13. Nxc4 Nb6 14. Nxb6 Qxb6
15. Qg4 Re8 16. Bh6 g6 17. b3 Bd7 18. h4 Bf8 19. Bg5 Be7 20. Bh6 Bf8 21. Bg5
Be7 22. Be4 Qd8 23. Qf4 Bc6 24. Kg2 Bxe4+ 25. Rxe4 a6 26. Rh1 b5 27. axb5 axb5
28. Bf6 Bxf6 29. exf6 h5 30. Re5 Kh7 31. Rxh5+ gxh5 0-1

[Event "XXI Festival Isola d'Elba A"]
[Site "Capoliveri ITA"]
[Date "2003.05.14"]
[Round "6"]
[White "Ljubisavljevic, Zivojin Z."]
[Black "Naumkin, Igor"]
[Result "1/2-1/2"]
[WhiteElo "2299"]
[BlackElo "2431"]
[PlyCount "65"]
[EventDate "2003.05.10"]

1. e4 e5 2. Nf3 Nc6 3. Nc3 Nf6 4. d4 exd4 5. Nxd4 Bb4 6. Nxc6 bxc6 7. Bd3 d5 8.
exd5 cxd5 9. O-O O-O 10. Bg5 c6 11. Qf3 Be7 12. h3 h6 13. Bf4 Bd6 14. Rfe1 Rb8
15. b3 Rb4 16. Bxd6 Qxd6 17. Ne2 c5 18. c3 Rb8 19. Ng3 a5 20. c4 d4 21. Ne4
Nxe4 22. Qxe4 g6 23. Qe5 Rb6 24. Qxd6 Rxd6 25. Re5 Rc6 26. Rae1 Kg7 27. Be4 Re6
28. Bd5 Rxe5 29. Rxe5 Kf6 30. f4 Bf5 31. Bf3 Rc8 32. Bg4 Bxg4 33. hxg4 1/2-1/2

[Event "XXI Festival Isola d'Elba A"]
[Site "Capoliveri ITA"]
[Date "2003.05.14"]
[Round "6"]
[White "Rossetti, Mauro"]
[Black "Zichichi, Alvise"]
[Result "0-1"]
[WhiteElo "2114"]
[BlackElo "2280"]
[PlyCount "68"]
[EventDate "2003.05.10"]

1. d4 d5 2. Nf3 Nf6 3. g3 c6 4. Bg2 Bf5 5. O-O h6 6. b3 e6 7. c4 Be7 8. Ba3 O-O
9. Bxe7 Qxe7 10. Nbd2 Rd8 11. c5 Nbd7 12. b4 Be4 13. Nb3 e5 14. e3 Bxf3 15.
Bxf3 e4 16. Be2 Qe6 17. a4 g5 18. Re1 Kg7 19. b5 h5 20. Bf1 g4 21. Rb1 Rh8 22.
bxc6 bxc6 23. Na5 h4 24. Rb7 hxg3 25. fxg3 Nh7 26. Be2 Ndf6 27. Rf1 Ng5 28. Kg2
Nf3 29. Rh1 Rh6 30. Rc7 Rah8 31. h4 gxh3+ 32. Kf1 Ng4 33. Qc1 Qf5 34. Nxc6
Nxd4+ 0-1

[Event "XXI Festival Isola d'Elba A"]
[Site "Capoliveri ITA"]
[Date "2003.05.15"]
[Round "7"]
[White "Faraci, Antonino"]
[Black "Sautto, Alessandra"]
[Result "1-0"]
[WhiteElo "2084"]
[BlackElo "1993"]
[PlyCount "33"]
[EventDate "2003.05.10"]

1. e4 e6 2. Nf3 d5 3. Nc3 c5 4. exd5 exd5 5. d4 Nf6 6. Bg5 cxd4 7. Qxd4 Nc6 8.
Bb5 a6 9. Bxf6 Qxf6 10. Qxf6 gxf6 11. Nxd5 Bd6 12. Bxc6+ bxc6 13. Nxf6+ Kf8 14.
O-O-O Be7 15. Nd7+ Bxd7 16. Rxd7 Bf6 17. Rd6 1-0

[Event "XXI Festival Isola d'Elba A"]
[Site "Capoliveri ITA"]
[Date "2003.05.15"]
[Round "7"]
[White "Naumkin, Igor"]
[Black "Horton-Kitchlew, Andrew"]
[Result "1-0"]
[WhiteElo "2431"]
[BlackElo "2077"]
[PlyCount "45"]
[EventDate "2003.05.10"]

1. d4 d6 2. Nf3 Bg4 3. c4 Nd7 4. Nc3 e5 5. g3 g6 6. Bg2 Bg7 7. O-O Rb8 8. Bg5
f6 9. Be3 a6 10. c5 Be6 11. cxd6 cxd6 12. Ne4 d5 13. Nd6+ Kf8 14. dxe5 Nxe5 15.
Bc5 Ne7 16. Nd4 Qd7 17. Nxe6+ Qxe6 18. e4 d4 19. f4 Nd7 20. Qxd4 Nxc5 21. Qxc5
b5 22. Qc7 Ra8 23. e5 1-0

[Event "XXI Festival Isola d'Elba A"]
[Site "Capoliveri ITA"]
[Date "2003.05.15"]
[Round "7"]
[White "Zichichi, Alvise"]
[Black "Mauro, Alan"]
[Result "0-1"]
[WhiteElo "2280"]
[BlackElo "2218"]
[PlyCount "66"]
[EventDate "2003.05.10"]

1. d4 g6 2. e4 Bg7 3. Nc3 Nc6 4. Be3 d6 5. Qd2 e5 6. d5 Nce7 7. f3 f5 8. g3 Nf6
9. h3 O-O 10. g4 fxe4 11. fxe4 c6 12. dxc6 bxc6 13. O-O-O d5 14. Bc5 Be6 15.
Bg2 d4 16. Na4 Nd7 17. Nf3 Nxc5 18. Nxc5 Qd6 19. Nxe6 Qxe6 20. Kb1 c5 21. Ng5
Qd6 22. Qe2 Bh6 23. Qc4+ Kh8 24. Nf7+ Rxf7 25. Qxf7 Rf8 26. Qc4 Rb8 27. h4 Rb4
28. Qf7 c4 29. b3 c3 30. g5 Ng8 31. Qd5 Qa6 32. a4 Bg7 33. Bf1 Qxa4 0-1

[Event "XXI Festival Isola d'Elba A"]
[Site "Capoliveri ITA"]
[Date "2003.05.16"]
[Round "8"]
[White "Aleksic, Nenad"]
[Black "Gunter, David W.W."]
[Result "0-1"]
[WhiteElo "2399"]
[BlackElo "2133"]
[PlyCount "46"]
[EventDate "2003.05.10"]

1. e4 e6 2. Nf3 d5 3. Nc3 Nf6 4. e5 Nfd7 5. d4 c5 6. dxc5 Nc6 7. Bf4 Bxc5 8.
Bd3 f6 9. exf6 Nxf6 10. O-O O-O 11. Ne5 Qe8 12. Qe2 Nh5 13. Bd2 Nf4 14. Bxf4
Rxf4 15. Rae1 Bd6 16. Bb5 Bxe5 17. Bxc6 bxc6 18. Qxe5 Qf7 19. f3 Qf6 20. Qd6 h6
21. Rf2 Kh7 22. b3 Qxc3 23. Rfe2 Rf6 0-1

[Event "XXI Festival Isola d'Elba A"]
[Site "Capoliveri ITA"]
[Date "2003.05.16"]
[Round "8"]
[White "Faraci, Antonino"]
[Black "Rossetti, Mauro"]
[Result "1-0"]
[WhiteElo "2084"]
[BlackElo "2114"]
[PlyCount "59"]
[EventDate "2003.05.10"]

1. e4 d6 2. d4 Nf6 3. Nc3 g6 4. Be2 Bg7 5. Be3 c6 6. Qd2 b5 7. a3 h5 8. h3 Qc7
9. f4 a6 10. Nf3 e6 11. e5 Nd5 12. Ne4 Bf8 13. c4 bxc4 14. Bxc4 Nd7 15. Bxd5
cxd5 16. Rc1 Qb6 17. Neg5 Be7 18. O-O a5 19. Rc3 O-O 20. Qc2 Kg7 21. Rc6 Qb8
22. exd6 Bxd6 23. Nh4 Nf6 24. Nxf7 Rxf7 25. Qxg6+ Kf8 26. f5 Ng8 27. Rfc1 Ba6
28. fxe6 Rf6 29. Bh6+ Ke7 30. Qg7+ 1-0